Acerca de los paises con orientación socialista /
Uloženo v:
| Hlavní autor: | |
|---|---|
| Médium: | Text |
| Tagy: |
Přidat tag
Žádné tagy, Buďte první, kdo vytvoří štítek k tomuto záznamu!
|
MARC
| LEADER | 00000 a a2200000 04500 | ||
|---|---|---|---|
| 001 | 47000 | ||
| 003 | |||
| 040 | |||
| 100 | |a Ulianovski, Rostislav | ||
| 245 | |a Acerca de los paises con orientación socialista / |c Rostislav Ulianovski | ||
| 773 | |g volumen2, número79, (1980), páginas 105-114 | ||
| 999 | |c 32194 |d 32194 | ||
